Hip, hipopótamo vagabundo / (Registro nro. 6580)

Detalles MARC
000 -LEADER
fixed length control field 01634cam a2200337 i 4500
003 - CONTROL NUMBER IDENTIFIER
control field OCoLC
005 - DATE AND TIME OF LATEST TRANSACTION
control field 20250808152045.0
007 - PHYSICAL DESCRIPTION FIXED FIELD--GENERAL INFORMATION
fixed length control field ta
008 - FIXED-LENGTH DATA ELEMENTS--GENERAL INFORMATION
fixed length control field 190506s2018 sp a br 001 1 spa d
015 ## - NATIONAL BIBLIOGRAPHY NUMBER
National bibliography number NNN
020 ## - INTERNATIONAL STANDARD BOOK NUMBER
International Standard Book Number 9789585487420
040 ## - CATALOGING SOURCE
Original cataloging agency CO-BoPUJ
Language of cataloging spa
Description conventions rda
Transcribing agency CO-BoPUJ
043 ## - GEOGRAPHIC AREA CODE
Geographic area code s-ck---
045 ## - TIME PERIOD OF CONTENT
Time period code y-y-
082 04 - DEWEY DECIMAL CLASSIFICATION NUMBER
Classification number J-C
Item number GARh
100 1# - MAIN ENTRY--PERSONAL NAME
Personal name Vélez González, Rubén Darío,
Relator term autor
9 (RLIN) 855
245 10 - TITLE STATEMENT
Title Hip, hipopótamo vagabundo /
Statement of responsibility, etc. Rubén Vélez ; ilustrado por Santiago Guevara
250 ## - EDITION STATEMENT
Edition statement Primera edición
264 #1 - PRODUCTION, PUBLICATION, DISTRIBUTION, MANUFACTURE, AND COPYRIGHT NOTICE
Place of production, publication, distribution, manufacture Bogotá :
Name of producer, publisher, distributor, manufacturer Alcaldía Matoy de Bogotá ; Instituto Distrital De las Artes - IDARTES,
Date of production, publication, distribution, manufacture, or copyright notice 2018
300 ## - PHYSICAL DESCRIPTION
Extent 75 páginas :
Other physical details ilustraciones a blanco y negro ;
Dimensions 17 cm.
490 1# - SERIES STATEMENT
Series statement Libro al viento ;
-- Colección inicial ;
Volume/sequential designation 136
504 ## - BIBLIOGRAPHY, ETC. NOTE
Bibliography, etc. note Incluye referencias bibliográficas (páginas 10).
505 ## - FORMATTED CONTENTS NOTE
Formatted contents note ¿Hipopótamo a monedas de cincuenta centavos? -- En todo caso, viajar -- El guardián vio una torre -- Fíjese bien, señorita Alpiste -- Un ciudadano recto -- Hipopótamo en añicos -- ¿De qué puede quejarse? -- ¡Ahí viene Leopoldo! -- Ciertas payasadas -- Roncar y soñar -- Esta noche es un paréntesis -- LLevarles la contraria a las lágrimas -- El muy vagabundo ¡Bienvenido el Hipopótamo! -- Ellos tampoco tienen remedio
520 ## - SUMMARY, ETC.
Summary, etc. El soñador es la persona encargada de añadirle capítulos al cielo.
650 14 - SUBJECT ADDED ENTRY--TOPICAL TERM
Topical term or geographic name entry element Cuentos colombianos
Chronological subdivision Siglo XXI
9 (RLIN) 856
650 24 - SUBJECT ADDED ENTRY--TOPICAL TERM
Topical term or geographic name entry element Cuentos infantiles colombianos
9 (RLIN) 857
650 24 - SUBJECT ADDED ENTRY--TOPICAL TERM
Topical term or geographic name entry element Literatura infantil
9 (RLIN) 648
700 1# - ADDED ENTRY--PERSONAL NAME
Personal name Guevara, Santiago,
Relator term ilustrador
9 (RLIN) 858
830 #0 - SERIES ADDED ENTRY--UNIFORM TITLE
Uniform title Libro al viento
9 (RLIN) 842
942 ## - ADDED ENTRY ELEMENTS (KOHA)
Source of classification or shelving scheme Dewey Decimal Classification
Koha item type Books
Existencias
Withdrawn status Lost status Source of classification or shelving scheme Damaged status Not for loan Home library Current library Shelving location Date acquired Source of acquisition Cost, normal purchase price Total Checkouts Total Renewals Full call number Barcode Date last seen Date last checked out Copy number Price effective from Koha item type
    Dewey Decimal Classification     Biblioteca Pública José María del Castillo y Rada Biblioteca Pública José María del Castillo y Rada Processing Center 02/20/2020 Donación 0.00 3 4 J-C GARh 201809420 08/08/2024 06/26/2024 Ej.1 02/24/2020 Books
    Dewey Decimal Classification     Biblioteca Pública José María del Castillo y Rada Biblioteca Pública José María del Castillo y Rada Processing Center 02/20/2020 Donación 0.00 2   J-C GARh 201809891 06/04/2024 06/04/2024 Ej.2 02/24/2020 Books